| 000 | 00866cam a22002417a 4500 | ||
|---|---|---|---|
| 003 | MX-MxUPN | ||
| 005 | 20240220063832.0 | ||
| 008 | 240123s1959 |usa|||fr|||| 001 0ceng d | ||
| 040 |
_aMX-MxUPN _bspa |
||
| 050 | 4 |
_aLA2311 _bC87 1959 |
|
| 100 | 1 |
_951110 _aCurti, Merle _d1897-1996 _q(Merle Eugene), |
|
| 245 | 1 | 4 | _aThe social ideas of american educators |
| 260 |
_aPaterson, New Jersey. : _bLittlefield, Adams , _c1959 |
||
| 300 | _a613 páginas | ||
| 490 | 0 | _aNew students outline series | |
| 500 | _aEn la portada "With new chapter on the last twenty-five years". | ||
| 650 | 4 |
_951115 _aEducadores _zEstados Unidos _vBiografía |
|
| 650 | 7 |
_916887 _aEducación _xHistoria _zEstados Unidos |
|
| 650 | 4 |
_aEducación _xAspectos sociales _zEstados Unidos _910388 |
|
| 902 |
_aGCH230124 _bVíctorGodínez/190224 |
||
| 942 |
_2lcc _cLIBRO |
||
| 999 |
_c210807 _d210807 |
||